000 00302nam a22001097a 4500
003 SGT
082 _a370,ARC
100 _aArchana Singh-201001004
245 _areer Planning and Higher Education among Post Graduaction Students of SGT University , Gurugaon , Haryana
260 _c2020
942 _2ddc
_cTH
999 _c29411
_d29411